000 01145cab a2200301 4500
001 WB3110-12
008 090401t1995 xxu||||| |||| 00| 0 eng d
035 _a(Sirsi) u22505
041 _aeng
245 _aJustice for asbestos victims
260 _c1995
350 _a0
490 _aFinancial Times
_v4 March 1995, 7
490 _aHSE News Release
_v(E38.95) 2 March 1995 (4)
520 _aBuilding contractors and their insurers could be faced with personal injury claims running into millions of pounds, according to a study by the Institute of Cancer Research and the Health and Safety Executive, which claims that deaths related to asbestos will not peak for 20 years.
650 _aMANAGEMENT-HEALTH AND SAFETY-HAZARDOUS SUBSTANCES-ASBESTOS
650 _aCONSTRUCTION SAFETY CAMPAIGN
650 _aCONSTRUCTION WORKERS
650 _aHEALTH AND SAFETY EXECUTIVE
650 _aHEALTH HAZARDS
650 _aINSTITUTE OF CANCER RESEARCH
650 _aINSURANCE CLAIMS
650 _aPERSONAL INJURY
690 _aBUILT ENVIRONMENT-BUILDING STANDARDS
690 _aINSURANCE
_96249
942 _n0
948 _c04/03/1997
999 _c15080
_d15080